000 00637nam0a22002531 4500
001 RU\NLR\INFOCOMM17\ROSSICA\1000298255
005 20250613185735.0
035 _a(NLR Aleph) 009895389
090 _a10542533
_c10542533
100 _a20030808d1904 |||y0rusy50 ca
101 0 _ager
102 _aRU
105 _ay ||||000ay
200 1 _aZur Kenntniss der Termiten
_fJacobson, G.
210 _aSt.Petersburg
_d1904
215 _d
700 1 _aJacobson
_bM.
_4070
801 1 _aRU
_bInfoComm
_c20030721
801 0 _aRU
_bNLR
_gPSBO
852 _aNLR
_j21.6.2.55
942 _cBOOK
980 _aNB
980 _aRossica